The dynamic decision maker : (Record no. 9427)
[ view plain ]
| 000 -LEADER | |
|---|---|
| fixed length control field | 01339nac a22003011u 4500 |
| 010 ## - LIBRARY OF CONGRESS CONTROL NUMBER | |
| LC control number | 93031328 |
| 020 ## - INTERNATIONAL STANDARD BOOK NUMBER | |
| International Standard Book Number | 1555425933 (alk. paper) |
| 082 00 - DEWEY DECIMAL CLASSIFICATION NUMBER | |
| Classification number | 658.403 |
| Item number | DRI |
| 090 ## - LOCALLY ASSIGNED LC-TYPE CALL NUMBER (OCLC); LOCAL CALL NUMBER (OCLC) | |
| -- | 9427 |
| -- | 9427 |
| 100 ## - MAIN ENTRY--PERSONAL NAME | |
| Personal name | Driver, Michael J. |
| 245 14 - TITLE STATEMENT | |
| Title | The dynamic decision maker : |
| Remainder of title | five decision styles for executive and business success / |
| Statement of responsibility, etc | Michael J. Driver, Kenneth R. Brousseau, Phillip L.Hunsaker. |
| 250 ## - EDITION STATEMENT | |
| Edition statement | 1st ed. |
| 260 ## - PUBLICATION, DISTRIBUTION, ETC. (IMPRINT) | |
| Place of publication, distribution, etc | San Francisco, Calif. : |
| Name of publisher, distributor, etc | Jossey-Bass,1993 |
| Date of publication, distribution, etc | c1993. |
| 300 ## - PHYSICAL DESCRIPTION | |
| Extent | xxvi, 267 p. : |
| Other physical details | ill. ; |
| Dimensions | 23 cm. |
| 440 #4 - | |
| -- | The Jossey-Bass management series |
| 500 ## - GENERAL NOTE | |
| General note | Originally published: New York : The dynamic decisionmaker. Harper & Row, c1990. |
| 500 ## - GENERAL NOTE | |
| General note | distributer: Al-Ahram |
| 504 ## - BIBLIOGRAPHY, ETC. NOTE | |
| Bibliography, etc | Includes bibliographical references (p. 257-261) and index. |
| 511 ## - PARTICIPANT OR PERFORMER NOTE | |
| Participant or performer note | catalogued by: wessam |
| 650 #0 - SUBJECT ADDED ENTRY--TOPICAL TERM | |
| Topical term or geographic name as entry element | Decision making. |
| 650 #0 - SUBJECT ADDED ENTRY--TOPICAL TERM | |
| Topical term or geographic name as entry element | Success in business. |
| 700 1# - ADDED ENTRY--PERSONAL NAME | |
| Personal name | Brousseau, Kenneth R. |
| 700 1# - ADDED ENTRY--PERSONAL NAME | |
| Personal name | Hunsaker, Phillip L. |
| 856 41 - ELECTRONIC LOCATION AND ACCESS | |
| Materials specified | Table of contents |
| Uniform Resource Identifier | <a href="http://www.loc.gov/catdir/toc/wiley023/93031328.html">http://www.loc.gov/catdir/toc/wiley023/93031328.html</a> |
| 856 41 - ELECTRONIC LOCATION AND ACCESS | |
| Materials specified | Contributor biographical information |
| Uniform Resource Identifier | <a href="http://www.loc.gov/catdir/enhancements/fy0706/93031328-b.html">http://www.loc.gov/catdir/enhancements/fy0706/93031328-b.html</a> |
| 856 41 - ELECTRONIC LOCATION AND ACCESS | |
| Materials specified | Publisher description |
| Uniform Resource Identifier | <a href="http://www.loc.gov/catdir/enhancements/fy0706/93031328-d.html">http://www.loc.gov/catdir/enhancements/fy0706/93031328-d.html</a> |
| 942 ## - ADDED ENTRY ELEMENTS (KOHA) | |
| Item type | Book - Borrowing |
| Call number prefix | 658.403DRI |
| Withdrawn status | Item status | Damaged status | Not for loan | Home library | Current library | Shelving location | Date acquired | Source of acquisition | Total Checkouts | Full call number | Barcode | Checked out | Date last seen | Date last borrowed | Koha item type |
|---|---|---|---|---|---|---|---|---|---|---|---|---|---|---|---|
| Central Library | Central Library | First floor | 08/05/2011 | Purchase | 2 | 658.403DRI | 000011474 | 20/11/2025 | 21/10/2025 | 21/10/2025 | Book - Borrowing |